| 000 | 00751nam a22002651 4500 | ||
|---|---|---|---|
| 001 | 28640 | ||
| 003 | BD-RjUL | ||
| 005 | 20211209051317.0 | ||
| 008 | 140331s1962 nyu b 001 0 eng d | ||
| 035 | _a(BD-RjUL)28721 | ||
| 035 | _a(OCoLC)331896 | ||
| 040 |
_aDLC _cPPD _dOCoLC _dUk _dDLC _dBD-RjUL _beng |
||
| 041 | _aeng | ||
| 082 | 0 | 0 |
_a131 _bDUA 1962 |
| 100 | 1 |
_aDuffy, Elizabeth, _d1904- _987658 |
|
| 245 | 1 | 0 |
_aActivation and behavior / _cElizabeth Duffy. |
| 260 |
_aNew York : _bWiley, _c1962. |
||
| 300 |
_axvii, 384 p. ; _c24 cm. |
||
| 504 | _aIncludes bibliographical references and index. | ||
| 650 | 0 |
_aPsychophysiology. _987659 |
|
| 650 | 0 |
_aHuman behavior. _987660 |
|
| 942 |
_2ddc _cBK |
||
| 999 |
_c28640 _d28640 |
||